000 00490nam a2200133Ia 4500
008 220615s9999||||xx |||||||||||||| ||und||
022 _a16648714
100 _aBenedict C. Albensi||Jelena Djordjevic
245 4 _aThe Transcriptional Regulation of Memory
546 _aEnglish[eng]
650 _aLearning||Memory||Transcription Factors||synaptic plasticity||epigenetics
856 _uhttp://journal.frontiersin.org/researchtopic/3538/the-transcriptional-regulation-of-memory
942 _cEB
999 _c15717
_d15717